| 000 | 00795cam a2200301 4500500 | ||
|---|---|---|---|
| 005 | 20260405003229.0 | ||
| 041 | _afre | ||
| 042 | _adc | ||
| 100 | 1 | 0 |
_aEnjalbert, Cédric _eauthor |
| 245 | 0 | 0 | _aJe de construction |
| 260 | _c2021. | ||
| 500 | _a73 | ||
| 690 | _aCatherine Malabou | ||
| 690 | _aFoi | ||
| 690 | _aGenre | ||
| 690 | _aHétérosexualité | ||
| 690 | _aHomosexualité | ||
| 690 | _aIdentité | ||
| 690 | _aOrigine | ||
| 690 | _aPlasticité | ||
| 690 | _aRacines | ||
| 690 | _aReligion | ||
| 690 | _aSexe | ||
| 690 | _aTransclasse | ||
| 690 | _aTransgenre | ||
| 786 | 0 | _nPhilosophie magazine | 147 | 3 | 2021-03-01 | p. 42-44 | 1951-1787 | |
| 856 | 4 | 1 | _uhttps://shs.cairn.info/magazine-philosophie-magazine-2021-3-page-42?lang=fr&redirect-ssocas=7080 |
| 999 |
_c2065575 _d2065575 |
||